Zufälliger Kreis - Nenne die Kreisstadt - Statistiken

Allgemein
  • Dieses Quiz wurde 119 mal gespielt
  • Das Durchschnittsergebnis liegt bei 15 aus 20
Antwortstatistiken
Landkreis Kreisstadt % Korrekt
Städteregion Aachen Aachen
100%
Altenburger Land Altenburg
100%
Altötting Altötting
100%
Alzey-Worms Alzey
100%
Ansbach Ansbach
100%
Weimarer Land Apolda
100%
Aschaffenburg Aschaffenburg
100%
Augsburg Augsburg
100%
Aurich Aurich
100%
Bad Dürkheim Bad Dürkheim
100%
Bad Kissingen Bad Kissingen
100%
Ahrweiler Bad Neuenahr-Ahrweiler
100%
Stormarn Bad Oldesloe
100%
Bamberg Bamberg
100%
Bautzen Bautzen
100%
Bayreuth Bayreuth
100%
Rheinisch-Bergischer Bergisch Gladbach
100%
Biberach Biberach an der Riß
100%
Birkenfeld Birkenfeld
100%
Eifelkreis Bitburg-Prüm Bitburg
100%
Borken Borken
100%
Calw Calw
100%
Celle Celle
100%
Coburg Coburg
100%
Cuxhaven Cuxhaven
100%
Dachau Dachau
100%
Darmstadt-Dieburg Darmstadt
100%
Deggendorf Deggendorf
100%
Diepholz Diepholz
100%
Dillingen an der Donau Dillingen an der Donau
100%
Düren Düren
100%
Ebersberg Ebersberg
100%
Emmendingen Emmendingen
100%
Erding Erding
100%
Erlangen-Höchstadt Erlangen
100%
Esslingen Esslingen am Neckar
100%
Euskirchen Euskirchen
100%
Forchheim Forchheim
100%
Freudenstadt Freudenstadt
100%
Fulda Fulda
100%
Fürstenfeldbruck Fürstenfeldbruck
100%
Gießen Gießen
100%
Gifhorn Gifhorn
100%
Göppingen Göppingen
100%
Görlitz Görlitz
100%
Goslar Goslar
100%
Gotha Gotha
100%
Göttingen Göttingen
100%
Vorpommern-Greifswald Greifswald
100%
Greiz Greiz
100%
Günzburg Günzburg
100%
Gütersloh Gütersloh
100%
Region Hannover Hannover
100%
Heilbronn Heilbronn
100%
Heinsberg Heinsberg
100%
Helmstedt Helmstedt
100%
Bergstraße Heppenheim
100%
Herford Herford
100%
Hildesheim Hildesheim
100%
Hof Hof
100%
Main-Taunus Hofheim am Taunus
100%
Holzminden Holzminden
100%
Höxter Höxter
100%
Nordfriesland Husum
100%
Karlsruhe Karlsruhe
100%
Kassel Kassel
100%
Kelheim Kelheim
100%
Donnersberg Kirchheimbolanden
100%
Kitzingen Kitzingen
100%
Kleve Kleve
100%
Konstanz Konstanz
100%
Kulmbach Kulmbach
100%
Kusel Kusel
100%
Landsberg am Lech Landsberg am Lech
100%
Landshut Landshut
100%
Leer Leer (Ostfriesland)
100%
Limburg-Weilburg Limburg an der Lahn
100%
Lindau (Bodensee) Lindau (Bodensee)
100%
Lörrach Lörrach
100%
Lüchow-Dannenberg Lüchow (Wendland)
100%
Teltow-Fläming Luckenwalde
100%
Ludwigsburg Ludwigsburg
100%
Rhein-Pfalz Ludwigshafen am Rhein
100%
Lüneburg Lüneburg
100%
Wittenberg Lutherstadt Wittenberg
100%
Marburg-Biedenkopf Marburg
100%
Schmalkalden-Meiningen Meiningen
100%
Meißen Meißen
100%
Emsland Meppen
100%
Merzig-Wadern Merzig
100%
Miesbach Miesbach
100%
Miltenberg Miltenberg
100%
Minden-Lübbecke Minden
100%
Mühldorf am Inn Mühldorf am Inn
100%
München München
100%
Neuburg-Schrobenhausen Neuburg an der Donau
100%
Rhein-Kreis Neuss Neuss
100%
Neustadt an der Waldnaab Neustadt an der Waldnaab
100%
Neu-Ulm Neu-Ulm
100%
Nienburg/Weser Nienburg/Weser
100%
Nordhausen Nordhausen
100%
Grafschaft Bentheim Nordhorn
100%
Northeim Northeim
100%
Ortenau Offenburg
100%
Olpe Olpe
100%
Osnabrück Osnabrück
100%
Osterholz Osterholz-Scharmbeck
100%
Ludwigslust-Parchim Parchim
100%
Passau Passau
100%
Peine Peine
100%
Pfaffenhofen an der Ilm Pfaffenhofen an der Ilm
100%
Rastatt Rastatt
100%
Ravensburg Ravensburg
100%
Recklinghausen Recklinghausen
100%
Regen Regen
100%
Regensburg Regensburg
100%
Rendsburg-Eckernförde Rendsburg
100%
Reutlingen Reutlingen
100%
Rosenheim Rosenheim
100%
Rotenburg (Wümme) Rotenburg (Wümme)
100%
Roth Roth
100%
Rottweil Rottweil
100%
Saarlouis Saarlouis
100%
Schwandorf Schwandorf
100%
Schweinfurt Schweinfurt
100%
Siegen-Wittgenstein Siegen
100%
Sigmaringen Sigmaringen
100%
Soest Soest
100%
Sömmerda Sömmerda
100%
Kyffhäuser Sondershausen
100%
Stade Stade
100%
Steinfurt Steinfurt
100%
Stendal Stendal
100%
Vorpommern-Rügen Stralsund
100%
St. Wendel St. Wendel
100%
Traunstein Traunstein
100%
Tuttlingen Tuttlingen
100%
Uelzen Uelzen
100%
Alb-Donau Ulm
100%
Unna Unna
100%
Vechta Vechta
100%
Viersen Viersen
100%
Warendorf Warendorf
100%
Weißenburg-Gunzenhausen Weißenburg in Bayern
100%
Wesel Wesel
100%
Wittmund Wittmund
100%
Würzburg Würzburg
100%
Zwickau Zwickau
100%
Aichach-Friedberg Aichach
86%
Cloppenburg Cloppenburg
86%
Kaiserslautern Kaiserslautern
86%
Altmarkkreis Salzwedel Salzwedel
86%
Wolfenbüttel Wolfenbüttel
86%
Dingolfing-Landau Dingolfing
83%
Regionalverband Saarbrücken Saarbrücken
83%
Bad Kreuznach Bad Kreuznach
80%
Rheingau-Taunus Bad Schwalbach
80%
Segeberg Bad Segeberg
80%
Cham Cham
80%
Eichstätt Eichstätt
80%
Bodensee Friedrichshafen
80%
Groß-Gerau Groß-Gerau
80%
Heidenheim Heidenheim an der Brenz
80%
Hildburghausen Hildburghausen
80%
Kronach Kronach
80%
Sonneberg Sonneberg
80%
Starnberg Starnberg
80%
Amberg-Sulzbach Amberg
75%
Bad Tölz-Wolfratshausen Bad Tölz
75%
Freising Freising
75%
Steinburg Itzehoe
75%
Südwestpfalz Pirmasens
75%
Schleswig-Flensburg Schleswig
75%
Rhein-Sieg Siegburg
75%
Trier-Saarburg Trier
75%
Nordwestmecklenburg Wismar
75%
Wunsiedel im Fichtelgebirge Wunsiedel
75%
Cochem-Zell Cochem
71%
Altenkirchen (Westerwald) Altenkirchen (Westerwald)
67%
Berchtesgadener Land Bad Reichenhall
67%
Salzland Bernburg (Saale)
67%
Coesfeld Coesfeld
67%
Hameln-Pyrmont Hameln
67%
Schwalm-Eder Homberg (Efze)
67%
Saarpfalz Homburg
67%
Anhalt-Bitterfeld Köthen
67%
Mettmann Mettmann
67%
Neumarkt in der Oberpfalz Neumarkt in der Oberpfalz
67%
Neuwied Neuwied
67%
Enz Pforzheim
67%
Plön Plön
67%
Mansfeld-Südharz Sangerhausen
67%
Schwäbisch Hall Schwäbisch Hall
67%
Weilheim-Schongau Weilheim in Oberbayern
67%
Oldenburg Wildeshausen
67%
Bernkastel-Wittlich Wittlich
67%
Heide Bad Fallingbostel
60%
Rhön-Grabfeld Bad Neustadt an der Saale
60%
Germersheim Germersheim
60%
Oberbergischer Gummersbach
60%
Mayen-Koblenz Koblenz
60%
Vogtland Plauen
60%
Rhein-Hunsrück Simmern/Hunsrück
60%
Main-Tauber Tauberbischofsheim
60%
Schwarzwald-Baar Villingen-Schwenningen
60%
Ammerland Westerstede
60%
Straubing-Bogen Straubing
57%
Hersfeld-Rotenburg Bad Hersfeld
50%
Hochtaunus Bad Homburg vor der Höhe
50%
Rhein-Erft Bergheim
50%
Böblingen Böblingen
50%
Leipzig Borna
50%
Jerichower Land Burg
50%
Vulkaneifel Daun
50%
Donau-Ries Donauwörth
50%
Werra-Meißner Eschwege
50%
Spree-Neiße Forst (Lausitz)
50%
Dithmarschen Heide
50%
Elbe-Elster Herzberg (Elster)
50%
Main-Spessart Karlstadt
50%
Waldeck-Frankenberg Korbach
50%
Südliche Weinstraße Landau in der Pfalz
50%
Nürnberger Land Lauf an der Pegnitz
50%
Märkischer Lüdenscheid
50%
Ostallgäu Marktoberdorf
50%
Mecklenburgische Seenplatte Neubrandenburg
50%
Oberhavel Oranienburg
50%
Neunkirchen Ottweiler
50%
Rottal-Inn Pfarrkirchen
50%
Saale-Orla Schleiz
50%
Rems-Murr Waiblingen
50%
Waldshut Waldshut-Tiengen
50%
Harburg Winsen (Luhe)
50%
Ilm Arnstadt
40%
Zollernalb Balingen
40%
Lippe Detmold
40%
Freyung-Grafenau Freyung
40%
Haßberge Haßfurt
40%
Eichsfeld Heilbad Heiligenstadt
40%
Westerwald Montabaur
40%
Unstrut-Hainich Mühlhausen/Thüringen
40%
Potsdam-Mittelmark Bad Belzig
33%
Oder-Spree Beeskow
33%
Mittelsachsen Freiberg
33%
Harz Halberstadt
33%
Rhein-Neckar Heidelberg
33%
Hohenlohe Künzelsau
33%
Burgenland Naumburg (Saale)
33%
Ostprignitz-Ruppin Neuruppin
33%
Neustadt an der Aisch-Bad Windsheim Neustadt an der Aisch
33%
Ennepe-Ruhr Schwelm
33%
Tirschenreuth Tirschenreuth
33%
Friesland Jever
25%
Dahme-Spreewald Lübben (Spreewald)
25%
Saale Merseburg
25%
Neckar-Odenwald Mosbach
25%
Herzogtum Lauenburg Ratzeburg
25%
Märkisch-Oderland Seelow
25%
Ostalb Aalen
20%
Erzgebirgskreis Annaberg-Buchholz
20%
Pinneberg Elmshorn
20%
Rostock Güstrow
20%
Mainz-Bingen Ingelheim am Rhein
20%
Vogelsberg Lauterbach (Hessen)
20%
Oberallgäu Sonthofen
20%
Fürth Zirndorf
20%
Uckermark Prenzlau
17%
Nordsachsen Torgau
17%
Saale-Holzland Eisenberg
11%
Rhein-Lahn Bad Ems
0%
Wartburg Bad Salzungen
0%
Wesermarsch Brake (Unterweser)
0%
Offenbach Dietzenbach
0%
Barnim Eberswalde
0%
Odenwald Erbach
0%
Ostholstein Eutin
0%
Breisgau-Hochschwarzwald Freiburg im Breisgau
0%
Wetterau Friedberg (Hessen)
0%
Garmisch-Partenkirchen Garmisch-Partenkirchen
0%
Main-Kinzig Gelnhausen
0%
Börde Haldensleben
0%
Lichtenfels Lichtenfels
0%
Hochsauerland Meschede
0%
Unterallgäu Mindelheim
0%
Paderborn Paderborn
0%
Prignitz Perleberg
0%
Sächsische Schweiz-Osterzgebirge Pirna
0%
Havelland Rathenow
0%
Saalfeld-Rudolstadt Saalfeld/Saale
0%
Oberspreewald-Lausitz Senftenberg
0%
Schaumburg Stadthagen
0%
Tübingen Tübingen
0%
Verden Verden (Aller)
0%
Lahn-Dill Wetzlar
0%
Keine übereinstimmenden Quizze gefunden
Verteilung der Resultate
Anzahl Personen mit jedem Resultat
Perzentil nach korrekt beantworteten Fragen
Ihre Resultats-Entwicklung
Sie haben dieses Quiz noch nicht gespielt